|
|
|
|
| LEADER |
00000nam0a2200000 4500 |
| 001 |
163214 |
| 005 |
20231031160722.0 |
| 020 |
|
|
|a RU
|b 81-58340
|
| 035 |
|
|
|a (RuTPU)RU\TPU\book\177073
|
| 090 |
|
|
|a 163214
|
| 100 |
|
|
|a 20090806d1981 m a0rusy5003 ca
|
| 101 |
0 |
|
|a rus
|
| 102 |
|
|
|a RU
|
| 105 |
|
|
|a y z 001zy
|
| 200 |
1 |
|
|a Прикладная теория информации
|f И. М. Коган
|
| 210 |
|
|
|a Москва
|c Радио и связь
|d 1981
|
| 215 |
|
|
|a 216 с.
|d 22 см.
|
| 320 |
|
|
|a Библиогр.: с. 208-214.
|
| 610 |
1 |
|
|a информация
|
| 610 |
1 |
|
|a передача
|
| 610 |
1 |
|
|a радиолокация
|
| 610 |
1 |
|
|a измерительная техника
|
| 610 |
1 |
|
|a автоматическое управление
|
| 610 |
1 |
|
|a системотехника
|
| 610 |
1 |
|
|a телевидение
|
| 610 |
1 |
|
|a биология
|
| 610 |
1 |
|
|a искусствоведение
|
| 610 |
1 |
|
|a следствия
|
| 675 |
|
|
|a 621.391
|z rus
|
| 700 |
|
1 |
|a Коган
|b И. М.
|g Ипполит Моисеевич
|4 070
|
| 801 |
|
0 |
|a RU
|b RuMRKP
|c 19950704
|g psbo
|
| 801 |
|
1 |
|a RU
|b 63413507
|c 20090806
|g PSBO
|
| 801 |
|
2 |
|a RU
|b 63413507
|c 20131209
|g PSBO
|
| 942 |
|
|
|c BK
|